00410pab a2200145 454500008004000000100002200040245008600062260000900148300001600157362000800173650001300181700001500194700002000209773003500229180718b2006 xxu||||| |||| 00| 0 eng d aBjorklund, Anders aThe origins of intergenerational associations, lessons from Swedish adoption data c2006 ap.999-1028. aAug aAdoption aPlug, Erik aLindahl, Mikael aQuarterly Journal of Economics